Реформа хозяйственной системы в КНР

ग्रंथसूची विवरण
अन्य लेखक: Богомолов О. Т. (автор предисловия)
भाषा:रूसी
प्रकाशित: Москва, Экономика, 1989
विषय:
स्वरूप: MixedMaterials पुस्तक
KOHA link:https://koha.lib.tpu.ru/cgi-bin/koha/opac-detail.pl?biblionumber=253320

MARC

LEADER 00000nam0a2200000 4500
001 253320
005 20231101232831.0
010 |a 5282004704 
035 |a (RuTPU)RU\TPU\book\275706 
090 |a 253320 
100 |a 20140312d1989 k y0rusy50 ca 
101 0 |a rus 
102 |a RU 
105 |a y z 000zy 
200 1 |a Реформа хозяйственной системы в КНР  |f авт. предисл. О. Т. Богомолов 
210 |a Москва  |c Экономика  |d 1989 
215 |a 351 с. 
606 1 |a Китай  |x Хозяйственная реформа  |2 stltpush  |3 (RuTPU)RU\TPU\subj\36266  |9 57706 
610 1 |a КНР 
610 1 |a Китайская Народная Республика 
610 1 |a экономика 
610 1 |a экономическая реформа 
610 1 |a промышленность 
610 1 |a сельское хозяйство 
610 1 |a транспорт 
610 1 |a финансы 
686 |a У9(5Кит)  |v LBC/SL-A  |2 rubbk 
702 1 |a Богомолов  |b О. Т.  |4 080 
801 1 |a RU  |b 63413507  |c 20140312 
801 2 |a RU  |b 63413507  |c 20151228  |g RCR 
942 |c BK